Genova

Salvato in:
Dettagli Bibliografici
Autore principale: Montobbio, Fabio
Natura: Libro
Lingua:inglese
Pubblicazione: Genova Sagep 2001
Tags: Aggiungi Tag
Nessun Tag, puoi essere il primo ad aggiungerne!!

MARC

LEADER 00000nam a2200000 4500
005 20240227154950.0
008 240227b |||||||| |||| 00| 0 eng d
020 |a 8863730005 
040 |c C 
100 |a Montobbio, Fabio 
245 |a Genova 
260 |a Genova  |b Sagep  |c 2001 
942 |2 ddc  |c BK  |n 0 
952 |0 0  |1 0  |2 ddc  |4 0  |6 914_518200000000000_MON_GEN  |7 1  |9 759  |a GE  |b GE  |d 2023-12-20  |l 0  |o 914.5182 MON GEN  |p 5031  |r 2024-02-27 15:50:29  |w 2024-02-27  |y BK 
999 |c 712  |d 712